000 00686nam a2200193 i 4500
001 141544
003 ES-MaACL
005 20230906200321.0
007 t|
008 070925s1943 gw ||||1| ger d
100 1 _aVolkmann, Ernst.
_9115699
245 1 0 _aWege zum realistischen Lebenserfassen
_b: junges Deutschland und Frührealismus 1830-1848 /
_chrsg. von Ernst Volkmann.
260 _aLeipzig :
_bPhilipp Reclan,
_c1943.
300 _a310 p. :
_b1 retr. ;
_c21 cm.
490 1 _aDeutsche Literatur. Deutsche Selbstzeugnisse ;
_v12
830 0 _aDeutsche Literatur. Deutsche Selbstzeugnisse ;
_v12
_9220418
852 _aES-MaACL
_jF-16204
_bR.21012
999 _c141544
_d141544